[Event "EU-Cup 17th"]
[Site "Panormo"]
[Date "2001.09.29"]
[Round "7.3"]
[White "Arnason, Jon Loftur"]
[Black "Lev, Ronen"]
[Result "1/2-1/2"]
[WhiteElo "2528"]
[BlackElo "2447"]
[PlyCount "121"]
[EventDate "2001.09.22"]
[EventType "team-swiss"]
[EventRounds "7"]
[EventCountry "GRE"]
[SourceTitle "CBM 084 Extra"]
[Source "ChessBase"]
[SourceDate "2001.10.26"]
[SourceVersion "1"]
[SourceVersionDate "2001.10.26"]
[SourceQuality "1"]
[WhiteTeam "Reykjavik Hellir"]
[BlackTeam "Herzliya"]
[WhiteTeamCountry "ISL"]
[BlackTeamCountry "ISR"]

1. e4 e5 2. Nc3 Nf6 3. g3 d5 4. exd5 Nxd5 5. Bg2 Nxc3 6. bxc3 Bd6 7. Nf3 0-0 8. 0-0 Nd7 9. Re1 Re8 10. d4 exd4 11. Rxe8+ Qxe8 12. cxd4 Rb8 13. c4 b6 14. Bb2 Bb7 15. Qb3 a6 16. Rd1 h6 17. h3 b5 18. c5 Bf8 19. Re1 Qd8 20. Bc1 g6 21. Bf4 Bg7 22. Rc1 Nf6 23. c6 Bc8 24. Be5 Be6 25. Qa3 Rb6 26. Nd2 Bd5 27. Bxd5 Nxd5 28. Bxg7 Kxg7 29. Rc5 Qe7 30. Qf3 Nf6 31. Nb3 a5 32. Re5 Qd8 33. Nxa5 Qxd4 34. Qe2 Nd5 35. Re8 Nf6 36. Rc8 Qd6 37. Nb7 Qxc6 38. Qe7 g5 39. Nd8 Qd7 40. Rxc7 Qxe7 41. Rxe7 Nd5 42. Rxf7+ Kg6 43. Ra7 Nc3 44. Nb7 Nxa2 45. Nc5 Nc3 46. Nd7 Rd6 47. Rb7 Kf5 48. Kg2 Ke4 49. g4 Kd5 50. Nb8 Kc4 51. Rc7+ Kb3 52. h4 b4 53. hxg5 hxg5 54. Nc6 Nd5 55. Rc8 Nb6 56. Rc7 Nd5 57. Rc8 Nb6 58. Rc7 Ka4 59. Nxb4 Kxb4 60. Rg7 Rd5 61. Rf7 1/2-1/2

[Event "EU-Cup 17th"]
[Site "Panormo"]
[Date "2001.09.27"]
[Round "5.3"]
[White "Lev, Ronen"]
[Black "Kiik, Kalle"]
[Result "1/2-1/2"]
[WhiteElo "2447"]
[BlackElo "2449"]
[PlyCount "96"]
[EventDate "2001.09.22"]
[EventType "team-swiss"]
[EventRounds "7"]
[EventCountry "GRE"]
[SourceTitle "CBM 084 Extra"]
[Source "ChessBase"]
[SourceDate "2001.10.26"]
[SourceVersion "1"]
[SourceVersionDate "2001.10.26"]
[SourceQuality "1"]
[WhiteTeam "Herzliya"]
[BlackTeam "Joensuu SK"]
[WhiteTeamCountry "ISR"]
[BlackTeamCountry "FIN"]

1. d4 g6 2. c4 Bg7 3. e4 c5 4. d5 d6 5. Nc3 a6 6. h3 e6 7. Bd3 exd5 8. exd5 Nd7 9. Nf3 Ne5 10. Nxe5 Bxe5 11. 0-0 Kf8 12. Be3 h5 13. Qd2 Ne7 14. Bf4 Bxf4 15. Qxf4 Bf5 16. Rad1 Kg7 17. Rfe1 Bxd3 18. Rxd3 Nf5 19. Ne4 b5 20. Qc1 b4 21. b3 Re8 22. Qb2+ f6 23. Kf1 Kf7 24. g4 hxg4 25. hxg4 Nd4 26. Rh3 Kg7 27. Qd2 Rh8 28. Rxh8 Qxh8 29. Kg2 Qh4 30. Qf4 Rh8 31. Qg3 Qxg3+ 32. Kxg3 Re8 33. Re3 Rd8 34. Kf4 g5+ 35. Kg3 Kg6 36. f4 a5 37. fxg5 fxg5 38. Nd2 a4 39. Nf3 axb3 40. axb3 Rf8 41. Nxd4 cxd4 42. Re4 Rf1 43. Rxd4 Rc1 44. Re4 Rc3+ 45. Kf2 Rxb3 46. Re6+ Kf7 47. Rxd6 Rc3 48. Rc6 b3 1/2-1/2